Feng-shui 99 Prashna va Uttare (Record no. 91751)

MARC details
000 -LEADER
fixed length control field 00481nam a2200181Ia 4500
008 - FIXED-LENGTH DATA ELEMENTS--GENERAL INFORMATION
fixed length control field 230125s9999 xx 000 0 und d
020 ## - INTERNATIONAL STANDARD BOOK NUMBER
International Standard Book Number 81-7418-156-3
041 ## - LANGUAGE CODE
Language code of text/sound track or separate title eng
082 ## - DEWEY DECIMAL CLASSIFICATION NUMBER
Classification number 891.463
Item number DES
100 ## - MAIN ENTRY--PERSONAL NAME
Personal name Deshpande A
9 (RLIN) 107363
245 ## - TITLE STATEMENT
Title Feng-shui 99 Prashna va Uttare
260 ## - PUBLICATION, DISTRIBUTION, ETC. (IMPRINT)
Date of publication, distribution, etc. 2001
Name of publisher, distributor, etc. Indrayani Sahitya
Place of publication, distribution, etc. Pune
300 ## - PHYSICAL DESCRIPTION
Extent 136p
500 ## - GENERAL NOTE
Keywords Literature;Marathi Literature
650 ## - SUBJECT ADDED ENTRY--TOPICAL TERM
Topical term or geographic name as entry element Marathi Literature
700 ## - ADDED ENTRY--PERSONAL NAME
Personal name Deshpande A
9 (RLIN) 107363
Holdings
Withdrawn status Lost status Damaged status Not for loan Home library Current library Date acquired Vendor Total Checkouts Full call number Barcode Date last seen Date last checked out Bill Date Koha item type Original Barcode
        Smt. Hiraben Nanavati Institute of Management & Research for Women Smt. Hiraben Nanavati Institute of Management & Research for Women 20/12/2006 Satya Gilani 1 891.463 DES DB1162 HIMR-DB-1162 01/06/2023 30/05/2023 20/12/2006 Donated Book DB1162